Kĩ thuật nấu luyện hợp kim đúc

Giới thiệu chung trong nấu luyện hợp kim. Mô tả kỹ thuật nấu luyện một số hợp kim đúc cụ thể: nấu luyện thép đúc, nấu gang, nấu hợp kim nhôm và đồng...

Enregistré dans:
Détails bibliographiques
Auteur principal: Nguyễn, Hữu Dũng
Format: Livre
Langue:Undetermined
Publié: Hà Nội Bách khoa Hà Nội 2012
Sujets:
Tags: Ajouter un tag
Pas de tags, Soyez le premier à ajouter un tag!
Thư viện lưu trữ: Trung tâm Học liệu Trường Đại học Cần Thơ
LEADER 00841nam a2200205Ia 4500
001 CTU_175970
008 210402s9999 xx 000 0 und d
020 |c 90000 
082 |a 669 
082 |b D513 
100 |a Nguyễn, Hữu Dũng 
245 0 |a Kĩ thuật nấu luyện hợp kim đúc 
245 0 |c Nguyễn Hữu Dũng (chủ biên) 
260 |a Hà Nội 
260 |b Bách khoa Hà Nội 
260 |c 2012 
520 |a Giới thiệu chung trong nấu luyện hợp kim. Mô tả kỹ thuật nấu luyện một số hợp kim đúc cụ thể: nấu luyện thép đúc, nấu gang, nấu hợp kim nhôm và đồng... 
650 |a Nonferrous metals,Luyện kim 
910 |a Nguyên 
980 |a Trung tâm Học liệu Trường Đại học Cần Thơ